[Event "Tokyo Japan op"]
[Site "Tokyo"]
[Date "2021.11.20"]
[Round "2"]
[White "Yamada, Shinmei"]
[Black "Yamada, Kohei"]
[Result "0-1"]
[WhiteElo "1746"]
[BlackElo "2131"]
[PlyCount "72"]
[EventDate "2021.11.20"]
[EventType "swiss"]
[EventRounds "7"]
[EventCountry "JPN"]
[SourceTitle "CBM 205 Extra"]
[Source "ChessBase"]
[SourceDate "2022.01.31"]
[SourceVersion "1"]
[SourceVersionDate "2022.01.31"]
[SourceQuality "1"]

1. e4 c5 2. Nf3 d6 3. d4 cxd4 4. Nxd4 Nf6 5. Nc3 a6 6. Bd3 e5 7. Nf5 Bxf5 8. exf5 d5 9. Bg5 Bb4 10. 0-0 Bxc3 11. bxc3 Qc7 12. Re1 Nbd7 13. Rb1 b5 14. Bf1 0-0 15. g4 Ne4 16. Be7 Nxc3 17. Qc1 Rfe8 18. f6 Rxe7 19. fxe7 Nxb1 20. Qxb1 Nf6 21. g5 Ne4 22. Qd1 Nc3 23. Qd4 f6 24. Qd3 Re8 25. Re3 b4 26. Rh3 e4 27. Qxa6 Qxe7 28. Qc6 fxg5 29. Bb5 Rf8 30. a4 h6 31. Rg3 Kh7 32. Qb6 Qf6 33. Qe3 Nd1 34. Qd2 Nxf2 35. Bd7 Qa1+ 36. Kg2 Qh1# 0-1